00793nam a22002057a 4500003000400000005001700004008004100021020001800062040006600080050002100146245002100167260004900188300003100237500005400268630002700322650003400349942001600383999001700399952017100416OSt20240103153149.0240103b |||||||| |||| 00| 0 eng d a9789966480606 aAIU Library - KenyacAIU Library - KenyadAIU Library - Kenya aBS 325b.S8 1990 aEbibilia Enchenu aNairobi : bBible Society of Kenya, cc1990. a1189, 354, [4] p. b22 cm. aTitle on t.p. verso: Bible in Ekegusii [Africana] aBible. lGusii.955803 aGusii languagevTexts.955804 2lcccAFR(R) c67809d67783 00102lcc40708REFaCPLbCPLcREFd2023-10-30eDonation - Prof. Robert Priestg10.49l0oREF BS 325.S8 1990pT16891W3232r2024-01-03 15:35:17t1w2024-01-03yAFR(R)